Statistics with R <A> Beginner's Guide
Salvato in:
| Autore principale: | |
|---|---|
| Natura: | Libro |
| Lingua: | inglese |
| Pubblicazione: |
London
SAGE
2018
|
| Soggetti: | |
| Tags: |
Nessun Tag, puoi essere il primo ad aggiungerne!!
|
MARC
| LEADER | 00000nam a2200000 4500 | ||
|---|---|---|---|
| 001 | 0264353 | ||
| 005 | 20240221114358.7 | ||
| 020 | |a 978-1-4739-2490-1 | ||
| 020 | |a 978-1-4739-2489-5 | ||
| 041 | 0 | |a eng | |
| 044 | |a GB | ||
| 245 | 1 | 0 | |a Statistics with R |b <A> Beginner's Guide |c Robert Stinerock |
| 264 | 1 | |a London |b SAGE |c 2018 | |
| 300 | |a 369 s. | ||
| 610 | 2 | 0 | |a štatistika |
| 610 | 2 | 0 | |a terminológia |
| 610 | 2 | 0 | |a dáta |
| 610 | 2 | 0 | |a odhad štatistický |
| 610 | 2 | 0 | |a metódy |
| 610 | 2 | 0 | |a pravdepodobnosť |
| 610 | 2 | 0 | |a hypotézy štatistické |
| 610 | 2 | 0 | |a testy |
| 610 | 2 | 0 | |a regresia |
| 610 | 2 | 0 | |a jazyky programovacie |
| 100 | 1 | |a Stinerock, Robert | |